[Event "Women's Speed Chess Q4"]
[Site "chess.com INT"]
[Date "2021.06.03"]
[Round "2"]
[White "Zawadzka, Jolanta"]
[Black "Starosta, Martyna"]
[Result "1/2-1/2"]
[WhiteTitle "WGM"]
[BlackTitle "WCM"]
[WhiteElo "2399"]
[BlackElo "1910"]
[WhiteFideId "1122320"]
[BlackFideId "21818754"]
[EventDate "2021.06.03"]

1. e4 c5 2. Nf3 d6 3. d4 cxd4 4. Nxd4 Nf6 5. f3 a6 6. c4 e6 7. Nc3 Be7 8. Be2
O-O 9. O-O Nc6 10. Be3 d5 11. exd5 exd5 12. Nxc6 bxc6 13. cxd5 cxd5 14. Bd4 Bb7
15. Kh1 Nd7 16. Qd2 Bf6 17. Rfd1 Re8 18. Bf1 Qa5 19. a3 Rad8 20. b4 Qc7 21. Rac1
Qb8 22. Na4 Bxd4 23. Qxd4 Ne5 24. Nc5 Qa7 25. Qf4 a5 26. b5 h6 27. Nb3 a4 28.
Nd4 Nc4 29. Bxc4 dxc4 30. Nf5 Rxd1+ 31. Rxd1 Qf2 32. h3 c3 33. Qg4 Re1+ 34. Rxe1
Qxe1+ 35. Kh2 Qe5+ 36. f4 Qf6 37. Ne3 h5 38. Qg3 h4 39. Qg4 Qd4 40. Nf5 Qf6 41.
Ne3 Qd4 42. Nc2 Qd2 43. Qg5 Qxc2 44. Qd8+ Kh7 45. Qxh4+ Kg8 46. Qd8+ Kh7 47.
Qh4+ Kg8 48. Qd8+ Kh7 49. Qh4+ 1/2-1/2

[Event "Women's Speed Chess Q4"]
[Site "chess.com INT"]
[Date "2021.06.03"]
[Round "2"]
[White "Kulkarni, Bhakti"]
[Black "Padmini, Rout"]
[Result "0-1"]
[WhiteTitle "IM"]
[BlackTitle "IM"]
[WhiteElo "2391"]
[BlackElo "2370"]
[WhiteFideId "5019516"]
[BlackFideId "5029295"]
[EventDate "2021.06.03"]

1. d4 Nf6 2. Nf3 g6 3. g3 Bg7 4. Bg2 O-O 5. O-O d5 6. c4 c6 7. b3 Ne4 8. Bb2 Nd7
9. Nbd2 Ndf6 10. Ne5 a5 11. cxd5 cxd5 12. Rc1 a4 13. b4 a3 14. Ba1 Qb6 15. Nxe4
dxe4 16. Qd2 Be6 17. Rc5 Bd5 18. Rfc1 e6 19. e3 Rfd8 20. Bf1 Nd7 21. Nc4 Qa7 22.
Ra5 Qb8 23. Rxa8 Qxa8 24. Rc3 Bxc4 25. Bxc4 Bf8 26. Rb3 Ne5 27. Be2 Nf3+ 28.
Bxf3 exf3 29. Bc3 Rc8 30. Qc1 b5 31. Rxa3 Qd5 32. Rb3 Qf5 33. a3 Qd3 34. Qd2 Qf5
35. h4 Qh3 0-1

[Event "Women's Speed Chess Q4"]
[Site "chess.com INT"]
[Date "2021.06.03"]
[Round "2"]
[White "Nikolova, Adriana"]
[Black "Bodnaruk, Anastasia"]
[Result "0-1"]
[WhiteTitle "WGM"]
[BlackTitle "IM"]
[WhiteElo "2243"]
[BlackElo "2457"]
[WhiteFideId "2908689"]
[BlackFideId "4181751"]
[EventDate "2021.06.03"]

1. e4 c5 2. Nf3 d6 3. d4 cxd4 4. Nxd4 Nf6 5. Nc3 a6 6. Bg5 Nbd7 7. Bc4 Qb6 8.
Bb3 e6 9. Qd2 Be7 10. O-O-O O-O 11. f4 h6 12. h4 Qc7 13. Qe1 b5 14. Bxe6 fxe6
15. Nxe6 Qc4 16. Nxf8 Nxf8 17. Bxf6 Bxf6 18. e5 Qxf4+ 19. Kb1 Qxe5 20. Qf2 Bg4
21. Rd5 Qe7 22. Re1 Qc7 23. Ne4 Be5 24. c3 Ng6 25. g3 Rf8 26. Qd2 Bf5 27. Ka1
Ne7 28. Rd3 d5 29. Nf2 Bxd3 30. Nxd3 Bd6 31. g4 Nc6 32. g5 Kh7 33. gxh6 gxh6 34.
Re6 Bf4 35. Qc2 Kh8 36. a3 Nd4 37. Qg2 Nxe6 38. Qxd5 Qd6 39. Qe4 Nc5 40. Nxc5
Qxc5 41. Qe6 Qd6 42. Qg4 Qf6 43. Ka2 a5 44. c4 Qf7 45. Qf3 Qxc4+ 46. b3 Qc2+ 47.
Ka1 Be5+ 48. Qc3 Bxc3# 0-1

[Event "Women's Speed Chess Q4"]
[Site "chess.com INT"]
[Date "2021.06.03"]
[Round "2"]
[White "Buksa, Nataliya"]
[Black "Szente Varga, Fruzsina"]
[Result "1-0"]
[WhiteTitle "IM"]
[BlackTitle "WFM"]
[WhiteElo "2414"]
[BlackElo "2100"]
[WhiteFideId "14123622"]
[BlackFideId "712264"]
[EventDate "2021.06.03"]

1. e4 e5 2. Nf3 Nc6 3. Bc4 Bc5 4. c3 Nf6 5. d4 exd4 6. e5 d5 7. Bb5 Ng4 8. cxd4
Bb6 9. O-O O-O 10. Nc3 Ne7 11. Ne2 c5 12. h3 Nh6 13. Bxh6 gxh6 14. Ng3 c4 15.
Qd2 Nf5 16. Nxf5 Bxf5 17. Qxh6 Be4 18. Rad1 Bc7 19. Ba4 f6 20. Nd2 Bg6 21. f4
Bb6 22. Nf3 Be4 23. Rd2 fxe5 24. Qe6+ Kh8 25. Nxe5 Qf6 26. Qxf6+ Rxf6 27. Nd7
Rg6 28. Nxb6 axb6 29. Bc2 Rxa2 30. Bxe4 dxe4 31. f5 Rf6 32. Rc2 b5 33. g4 Ra8
34. g5 Rd6 35. Rd2 e3 36. Re2 Rxd4 37. Rxe3 Rf8 38. f6 Rd5 39. h4 h6 40. Rg3
hxg5 41. hxg5 Kg8 42. Re1 Kf7 43. Re7+ Kg6 44. Rg7+ Kh5 45. f7 Rf5 46. g6 Rd5
47. Rg8 Rdd8 48. Rxf8 Rxf8 49. g7 Rxf7 50. g8=Q Rh7 51. Qg5# 1-0

[Event "Women's Speed Chess Q4"]
[Site "chess.com INT"]
[Date "2021.06.03"]
[Round "2"]
[White "Dordzhieva, Dinara"]
[Black "Doluhanova, Evgeniya"]
[Result "1-0"]
[WhiteTitle "WGM"]
[BlackTitle "WGM"]
[WhiteElo "2334"]
[BlackElo "2207"]
[WhiteFideId "24157570"]
[BlackFideId "14112035"]
[EventDate "2021.06.03"]

1. Nf3 Nf6 2. c4 e6 3. g3 d5 4. Bg2 Be7 5. O-O O-O 6. d4 b6 7. cxd5 exd5 8. Nc3
c6 9. Ne5 a5 10. Bf4 Ba6 11. Rc1 Nfd7 12. Nf3 Nf6 13. Re1 Nbd7 14. e4 dxe4 15.
Nxe4 Bb4 16. Nc3 Nd5 17. Bd2 Nxc3 18. Bxc3 Bxc3 19. bxc3 Rc8 20. Qb3 c5 21. d5
c4 22. Qc2 Nc5 23. Ne5 Nd3 24. Nc6 Qf6 25. Ne7+ Kh8 26. Nxc8 Bxc8 27. Re3 Nxc1
28. Qxc1 b5 29. a3 g6 30. h4 Rd8 31. Qb2 Bd7 32. f4 h5 33. Re5 Kg7 34. Qe2 Qb6+
35. Kh2 Bg4 36. Qe1 Qd6 37. Re7 Rd7 38. Re8 Rd8 39. Re5 b4 40. axb4 axb4 41.
cxb4 Rb8 42. Re7 Qxb4 43. Qe5+ Kf8 44. d6 Kg8 45. d7 Bxd7 46. Rxd7 c3 47. Rc7 1-0

[Event "Women's Speed Chess Q4"]
[Site "chess.com INT"]
[Date "2021.06.03"]
[Round "2"]
[White "Daulyte-Cornette, Deimante"]
[Black "Potapova, Margarita"]
[Result "0-1"]
[WhiteTitle "IM"]
[BlackTitle "WIM"]
[WhiteElo "2387"]
[BlackElo "2252"]
[WhiteFideId "12802859"]
[BlackFideId "14126869"]
[EventDate "2021.06.03"]

1. e4 c5 2. Nc3 d6 3. f4 g6 4. Nf3 Bg7 5. Bb5+ Nc6 6. d3 e6 7. Bxc6+ bxc6 8. O-O
Ne7 9. Qe1 O-O 10. b3 f5 11. e5 d5 12. Ba3 c4 13. dxc4 Re8 14. cxd5 cxd5 15. Kh1
Ba6 16. Rf2 Rc8 17. Na4 Rc7 18. Nc5 Bc8 19. Rd1 Bf8 20. Nd4 Nc6 21. Nb5 Rg7 22.
Nd4 Rc7 23. Nxc6 Rxc6 24. b4 a5 25. c3 Qb6 26. Rb1 Qa7 27. Rb3 Be7 28. Rfb2 a4
29. b5 axb3 30. bxc6 Qxa3 31. Nd3 bxa2 32. Qa1 Ba6 33. Rxa2 Qxa2 34. Qxa2 Bxd3
35. c7 Rc8 36. Qa7 Bb5 37. Qb7 Bd7 38. h3 h5 39. g3 Kf7 40. Kg2 Kg7 41. Kf3 Kf7
42. Ke2 Ke8 43. Kd3 Bc5 0-1

[Event "Women's Speed Chess Q4"]
[Site "chess.com INT"]
[Date "2021.06.03"]
[Round "2"]
[White "Vu, Bui Thi Thanh Van"]
[Black "Purtseladze, Maka"]
[Result "0-1"]
[WhiteTitle "WFM"]
[BlackTitle "IM"]
[WhiteElo "1750"]
[BlackElo "2274"]
[WhiteFideId "12408921"]
[BlackFideId "13602659"]
[EventDate "2021.06.03"]

1. d4 Nf6 2. Nf3 e6 3. Nbd2 d5 4. e3 Bd6 5. Bd3 b6 6. Ne5 Ba6 7. f4 Bxd3 8. cxd3
O-O 9. O-O c5 10. Ndf3 Nfd7 11. Bd2 f6 12. Nxd7 Qxd7 13. dxc5 Bxc5 14. Kh1 Nc6
15. e4 dxe4 16. dxe4 Rfd8 17. Qe2 Qd3 18. Qxd3 Rxd3 19. a3 Rad8 20. b4 Bf8 21.
Rfc1 Nd4 22. Nxd4 R3xd4 23. Be3 Rxe4 24. Rc3 Rd5 25. Kg1 h5 26. Kf2 f5 27. Kf3
Be7 28. g3 Bf6 29. Rc8+ Kh7 30. Re1 Rd3 31. h3 Bd4 32. g4 Rdxe3+ 33. Rxe3 Rxe3+
34. Kg2 hxg4 35. hxg4 fxg4 36. a4 Ra3 37. Rc4 e5 38. fxe5 Bxe5 39. Rxg4 Rxa4 40.
Re4 Bf6 41. Kf3 Ra3+ 42. Kg4 a5 43. bxa5 bxa5 44. Kf5 a4 45. Rh4+ Bxh4 0-1

[Event "Women's Speed Chess Q4"]
[Site "chess.com INT"]
[Date "2021.06.03"]
[Round "2"]
[White "Antolak, Julia"]
[Black "Ambartsumova, Karina"]
[Result "0-1"]
[WhiteTitle "WIM"]
[BlackTitle "IM"]
[WhiteElo "2306"]
[BlackElo "2382"]
[WhiteFideId "1159569"]
[BlackFideId "4166299"]
[EventDate "2021.06.03"]

1. e4 c5 2. Nf3 e6 3. d4 cxd4 4. Nxd4 a6 5. Bd3 Bc5 6. Nb3 Ba7 7. Qg4 Nf6 8. Qg3
d6 9. O-O Nc6 10. Be3 O-O 11. Nc3 Bxe3 12. Qxe3 b5 13. f4 e5 14. f5 Bb7 15. Rad1
Nb4 16. a3 Nxd3 17. Rxd3 Qc7 18. Rfd1 Rfd8 19. Kh1 Bc6 20. Nd2 a5 21. Qg5 h6 22.
Qh4 b4 23. Rg3 Kh7 24. Ncb1 Qb7 25. axb4 axb4 26. Re1 Ra1 27. h3 Rda8 28. Kh2
R1a2 29. Ree3 Qe7 30. Rb3 Rb8 31. Nf3 d5 32. exd5 Bxd5 33. Re3 e4 34. Ng5+ Kh8
35. Nd2 Rxb2 36. Ngxe4 Qe5 37. Nxf6 Qxf6 38. Qxf6 gxf6 39. Nf3 Rxc2 40. Rg4 Kh7 0-1

[Event "Women's Speed Chess Q4"]
[Site "chess.com INT"]
[Date "2021.06.03"]
[Round "2"]
[White "Tokhirjonova, Gulrukhbegim"]
[Black "Kazarian, Anna-Maja"]
[Result "1-0"]
[WhiteTitle "WGM"]
[BlackTitle "FM"]
[WhiteElo "2350"]
[BlackElo "2096"]
[WhiteFideId "14203626"]
[BlackFideId "1033689"]
[EventDate "2021.06.03"]

1. e4 e6 2. d4 d5 3. e5 c5 4. c3 Nc6 5. Nf3 Qb6 6. Be2 Bd7 7. O-O f6 8. dxc5
Bxc5 9. b4 Be7 10. exf6 Nxf6 11. a4 O-O 12. b5 Na5 13. Ne5 Bc5 14. Bf3 Rac8 15.
Bg5 Be8 16. Nd2 Bd6 17. Bxf6 gxf6 18. Ng4 Rxc3 19. Qe2 Bb8 20. Rfe1 Bd7 21. Rad1
Qc7 22. g3 Nc4 23. Nxc4 Rxc4 24. Ne3 Rxa4 25. Rc1 Qb6 26. Qc2 Bxb5 27. Rb1 Qa5
28. Ng4 Rc4 29. Qb2 d4 30. Qxb5 Qxb5 31. Rxb5 d3 32. Rxb7 d2 33. Rd1 Rc1 34. Kg2
Rd8 35. Ne3 Rxd1 36. Bxd1 a5 37. Kf3 e5 38. Ke2 Bd6 39. Ra7 Bb4 40. Ng4 Rc8 41.
Nxf6+ Kf8 42. Nxh7+ Kg8 43. Nf6+ Kf8 44. Nd7+ Ke8 45. Nxe5 Rc1 46. f4 Ra1 47. f5
Bc3 48. Nc4 a4 49. g4 a3 50. Rxa3 1-0

[Event "Women's Speed Chess Q4"]
[Site "chess.com INT"]
[Date "2021.06.03"]
[Round "2"]
[White "Vo, Thi Kim Phung"]
[Black "Matveeva, Olga"]
[Result "1/2-1/2"]
[WhiteTitle "WGM"]
[BlackTitle "WIM"]
[WhiteElo "2335"]
[BlackElo "2145"]
[WhiteFideId "12401838"]
[BlackFideId "24107018"]
[EventDate "2021.06.03"]

1. d4 Nf6 2. c4 e6 3. Nc3 Bb4 4. Qc2 d5 5. cxd5 Qxd5 6. Nf3 Qf5 7. Qxf5 exf5 8.
Bd2 c6 9. e3 O-O 10. Bd3 Be6 11. a3 Be7 12. g3 Nbd7 13. O-O h6 14. Rac1 Rfe8 15.
Rfd1 Rad8 16. Be1 g6 17. Bf1 Bb3 18. Rd3 Bc4 19. Rdd1 Bxf1 20. Kxf1 Kg7 21. b4
Ne4 22. Nxe4 fxe4 23. Nd2 f5 24. Nc4 Kf7 25. Na5 Rb8 26. a4 a6 27. b5 axb5 28.
axb5 cxb5 29. Rc7 Red8 30. Nxb7 Ke6 31. Nxd8+ Bxd8 32. Rc6+ Kd5 33. Rxg6 b4 34.
Rb1 b3 35. Ra6 Be7 36. Ra7 Ke6 37. Rc7 Nf6 38. Rc3 b2 39. Rc2 Ba3 40. Rc6+ Ke7
41. Ra6 Bd6 42. Ra2 Nd5 43. Raxb2 Ra8 44. Rb7+ Ke6 45. Rh7 Bf8 46. Rhb7 Bd6 47.
h3 Ra2 48. R7b2 Ra7 49. Rb7 Ra2 50. Rh7 Bf8 51. Rhb7 Bd6 1/2-1/2

[Event "Women's Speed Chess Q4"]
[Site "chess.com INT"]
[Date "2021.06.03"]
[Round "2"]
[White "Adam, Ernestina"]
[Black "Bommini, Mounika Akshaya"]
[Result "0-1"]
[WhiteTitle "WCM"]
[BlackTitle "WFM"]
[WhiteElo "1354"]
[BlackElo "2029"]
[WhiteFideId "165883"]
[BlackFideId "25019872"]
[EventDate "2021.06.03"]

1. e4 Nc6 2. d4 e5 3. d5 Nce7 4. c4 Ng6 5. Nc3 Nf6 6. Nf3 Bc5 7. h3 d6 8. Be2
O-O 9. a3 a6 10. b4 Ba7 11. Be3 Bxe3 12. fxe3 Nh5 13. O-O Ng3 14. Rf2 f5 15. c5
fxe4 16. Nh2 Rxf2 17. Kxf2 Qg5 18. Bg4 Nf5 19. Bxf5 Bxf5 20. g4 Rf8 21. Kg2 Nh4+
22. Kh1 Qxe3 23. gxf5 Qxc3 24. Rc1 Qxh3 25. Qg1 Nxf5 26. Qg2 Ng3+ 27. Kg1 Qxg2+
28. Kxg2 Ne2 29. Re1 Nc3 30. Re3 Nxd5 31. Rxe4 Kf7 32. Nf3 Ke7 33. cxd6+ cxd6
34. Kg3 h6 35. Rc4 g5 36. Nd2 Rf4 37. Ne4 h5 38. Nd2 Rxc4 39. Nxc4 Ke6 40. Nd2
Kf5 41. Nf3 h4+ 42. Kg2 Kf4 43. Nd2 Ne3+ 44. Kf2 g4 45. Ke2 g3 46. Nf1 Nxf1 47.
Kxf1 Kf3 48. Kg1 g2 49. Kh2 Kf2 0-1

[Event "Women's Speed Chess Q4"]
[Site "chess.com INT"]
[Date "2021.06.03"]
[Round "2"]
[White "Cyfka, Karina"]
[Black "Agrest, Inna"]
[Result "0-1"]
[WhiteTitle "IM"]
[BlackTitle "WIM"]
[WhiteElo "2415"]
[BlackElo "2285"]
[WhiteFideId "1122681"]
[BlackFideId "1708830"]
[EventDate "2021.06.03"]

1. d4 Nf6 2. c4 g6 3. Nc3 Bg7 4. e4 d6 5. Be2 O-O 6. h4 h5 7. Bg5 Nbd7 8. f3 c5
9. d5 a6 10. a4 b6 11. Nh3 Ne5 12. Nf2 Rb8 13. g4 b5 14. axb5 axb5 15. Nxb5 Bd7
16. Bxf6 Bxf6 17. gxh5 gxh5 18. f4 Ng6 19. Rg1 Bg7 20. f5 Ne5 21. Bxh5 Bxb5 22.
cxb5 Rxb5 23. Qd2 Kh7 24. Ra3 Bh6 25. Qc2 Rg8 26. Rag3 Rxg3 27. Rxg3 Qa5+ 28.
Kf1 Qa1+ 29. Kg2 Rxb2 30. Qd1 Qa2 31. Qf1 c4 32. Kg1 Rb1 33. Nd1 Qd2 34. Qg2
Qxg2+ 35. Kxg2 Nd3 36. Nc3 Rb2+ 37. Kf1 Nf4 38. Bd1 Rd2 39. Ba4 Rd3 40. Kf2 Rd4
41. Be8 Rd2+ 42. Ke1 Rc2 43. Bxf7 Nd3+ 44. Kf1 Rxc3 45. Bg6+ Kh8 46. f6 exf6 47.
Bf7 Ne5 48. Be6 Rxg3 0-1

[Event "Women's Speed Chess Q4"]
[Site "chess.com INT"]
[Date "2021.06.03"]
[Round "2"]
[White "Fominykh, Maria"]
[Black "Bivol, Alina"]
[Result "1-0"]
[WhiteTitle "WGM"]
[BlackTitle "WGM"]
[WhiteElo "2206"]
[BlackElo "2385"]
[WhiteFideId "4142411"]
[BlackFideId "4100123"]
[EventDate "2021.06.03"]

1. d4 Nf6 2. c4 g6 3. Nc3 d5 4. cxd5 Nxd5 5. Bd2 Bg7 6. e4 Nxc3 7. Bxc3 c5 8. d5
Bxc3+ 9. bxc3 Qa5 10. Qd2 Nd7 11. Nf3 Nf6 12. Bd3 c4 13. Bc2 Bd7 14. O-O O-O 15.
Rfd1 Bg4 16. e5 Nd7 17. Qe3 Bxf3 18. gxf3 Rad8 19. Rd4 Nb6 20. Rh4 f5 21. exf6
Rxf6 22. Rxh7 Kxh7 23. Qxe7+ Kh6 24. Qxf6 Rg8 25. Qf4+ Kg7 26. Qe5+ Kh6 27. Rd1
Qxa2 28. Be4 Qa4 29. Qf4+ Kg7 30. Qe5+ Kh6 31. Rd2 Qd7 32. d6 Qd8 33. Rd4 Nd7
34. Qf4+ Kh7 35. Bxb7 Rf8 36. Qh4+ Qxh4 37. Rxh4+ Kg7 38. Rxc4 Ne5 39. Rc7+ Kf6
40. Be4 Rd8 41. d7 Rxd7 42. Rxd7 Nxd7 43. Kf1 a5 44. Ke2 Ne5 45. Kd2 g5 46. Kc2
a4 47. Kb2 Nc4+ 48. Ka2 Ke5 49. Bd3 Nd2 50. Ka3 Nxf3 51. h3 Ng1 52. Bf1 Ke4 53.
Kxa4 Nf3 54. Bg2 Kf4 55. Bxf3 Kxf3 56. c4 Ke4 57. c5 Kd5 58. Kb5 1-0

[Event "Women's Speed Chess Q4"]
[Site "chess.com INT"]
[Date "2021.06.03"]
[Round "2"]
[White "Samaganova, Alexandra"]
[Black "Mkrtchian, Lilit"]
[Result "1-0"]
[WhiteTitle "WFM"]
[BlackTitle "IM"]
[WhiteElo "1993"]
[BlackElo "2388"]
[WhiteFideId "13800221"]
[BlackFideId "13300601"]
[EventDate "2021.06.03"]

1. c4 c6 2. Nf3 d5 3. e3 Nf6 4. Nc3 e6 5. d4 Nbd7 6. Bd3 dxc4 7. Bxc4 b5 8. Bd3
Bd6 9. O-O O-O 10. e4 e5 11. h3 a6 12. Be3 exd4 13. Nxd4 Ne5 14. Bc2 c5 15. Nf5
Bxf5 16. exf5 Nc4 17. Qc1 Nxe3 18. Qxe3 Re8 19. Qf3 Be5 20. Rad1 Qc7 21. Rfe1 h6
22. b3 Rad8 23. Rxd8 Rxd8 24. Ne4 c4 25. b4 Nxe4 26. Qxe4 Bf6 27. a4 Rd2 28.
axb5 axb5 29. Re2 Rd8 30. g3 Qd6 31. Qb7 Qxb4 32. Be4 Qc5 33. Bc6 b4 34. Re8+
Rxe8 35. Bxe8 Qf8 36. Bb5 c3 37. Ba4 Qe7 38. Qb8+ Kh7 39. Bb3 Be5 40. Qb5 Bd6
41. Qd5 Bc5 42. Qf3 Qe1+ 43. Kg2 Qe7 44. Qd3 Qd6 45. Qc2 Qc6+ 46. Kh2 Qb6 47.
f6+ 1-0

[Event "Women's Speed Chess Q4"]
[Site "chess.com INT"]
[Date "2021.06.03"]
[Round "2"]
[White "Avramidou, Anastasia"]
[Black "Dauletova, Gulmira"]
[Result "1-0"]
[WhiteTitle "FM"]
[BlackTitle "WGM"]
[WhiteElo "2238"]
[BlackElo "2285"]
[WhiteFideId "4239873"]
[BlackFideId "13702971"]
[EventDate "2021.06.03"]

1. d4 Nf6 2. c4 e6 3. Nc3 Bb4 4. Bd2 O-O 5. Nf3 Bxc3 6. Bxc3 Ne4 7. Rc1 f5 8. g3
b6 9. Bg2 Bb7 10. O-O d6 11. b4 Nd7 12. Be1 Qe7 13. Qb3 Rab8 14. a4 c5 15. dxc5
bxc5 16. b5 d5 17. Nd2 d4 18. Nb1 e5 19. e3 Ndf6 20. a5 Rfd8 21. exd4 exd4 22.
f3 Nd6 23. Bd2 Qf7 24. Bf4 Bc8 25. Na3 Be6 26. Rfe1 h6 27. b6 axb6 28. axb6 Rb7
29. Be5 f4 30. Bxf4 Nf5 31. Rb1 d3 32. Bc7 Rc8 33. Qc3 Rcxc7 34. bxc7 Rxc7 35.
Nb5 Rd7 36. Ra1 d2 37. Red1 Bxc4 38. Na3 Be2 39. Rxd2 Rxd2 40. Qxd2 Nd4 41. Nc2
Nxf3+ 42. Bxf3 Bxf3 43. Qd8+ Kh7 44. Ne3 Be4 45. Rf1 Qe6 46. Qd2 Bc6 47. Qc2+
Ne4 48. Ng2 Qe5 49. Nf4 Qd4+ 50. Rf2 1-0

[Event "Women's Speed Chess Q4"]
[Site "chess.com INT"]
[Date "2021.06.03"]
[Round "2"]
[White "Grigoryan, Meri"]
[Black "Zhai, Mo"]
[Result "0-1"]
[WhiteTitle "WFM"]
[BlackTitle "WGM"]
[WhiteElo "2044"]
[BlackElo "2366"]
[WhiteFideId "13300571"]
[BlackFideId "8600201"]
[EventDate "2021.06.03"]

1. d4 Nf6 2. c4 e6 3. Nf3 d5 4. e3 Be7 5. Nc3 O-O 6. b3 c5 7. Bb2 Nc6 8. cxd5
Nxd5 9. dxc5 Nxc3 10. Bxc3 Bxc5 11. Be2 b6 12. O-O Bb7 13. Qxd8 Rfxd8 14. Rfd1
h6 15. a3 a5 16. Kf1 Rxd1+ 17. Bxd1 Rd8 18. Ke2 Ba6+ 19. Ke1 f6 20. Be2 Bxe2 21.
Kxe2 Kf7 22. Nd2 e5 23. Ne4 Be7 24. g4 Ke6 25. a4 g6 26. Rd1 Rc8 27. h3 Nb4 28.
Bxb4 Bxb4 29. f4 f5 30. gxf5+ gxf5 31. Ng3 exf4 32. exf4 Rc2+ 33. Ke3 Bc5+ 34.
Kd3 Rf2 35. Re1+ Kf6 36. Kc4 Rxf4+ 37. Kd5 Rd4+ 38. Kc6 Rd6+ 39. Kb5 Bf2 40.
Nh5+ Kg5 41. Rf1 Kxh5 42. Rxf2 Kg5 43. b4 axb4 44. Kxb4 f4 45. a5 bxa5+ 46. Kxa5
Rd3 47. Kb4 Rxh3 48. Kc4 f3 49. Kd4 Kf4 50. Ra2 Kg3 51. Ke3 Rh1 52. Ra6 Re1+ 53.
Kd2 f2 54. Rg6+ Kf3 55. Rf6+ Kg3 56. Rg6+ Kh4 57. Rxh6+ Kg5 0-1

[Event "Women's Speed Chess Q4"]
[Site "chess.com INT"]
[Date "2021.06.03"]
[Round "2"]
[White "Sviridova, Vlada"]
[Black "Von Herman, Brigitte"]
[Result "1-0"]
[WhiteTitle "WFM"]
[BlackTitle "WFM"]
[WhiteElo "2144"]
[BlackElo "1991"]
[WhiteFideId "24109606"]
[BlackFideId "4628730"]
[EventDate "2021.06.03"]

1. d4 d5 2. c4 Nc6 3. Nf3 Bg4 4. e3 e6 5. Nc3 Nf6 6. h3 Bh5 7. a3 dxc4 8. Bxc4
Bd6 9. Be2 O-O 10. O-O a6 11. b4 Re8 12. Bb2 Qe7 13. e4 Bf4 14. e5 Nd5 15. Ne4
Bg6 16. Bd3 Rab8 17. g3 Bh6 18. h4 f5 19. exf6 Nxf6 20. Nxf6+ Qxf6 21. Bxg6 Qxg6
22. Ne5 Nxe5 23. dxe5 Rbd8 24. Qf3 c6 25. Rad1 Rd5 26. Rxd5 cxd5 27. Bd4 Rf8 28.
Qe2 Qf5 29. Bc5 Rf7 30. Kg2 g6 31. f4 Rd7 32. Bd6 Bf8 33. Bxf8 Qxf8 34. Rc1 Qe7
35. Qd3 Rc7 36. Rc3 Qd7 37. Qc2 Rxc3 38. Qxc3 h5 39. Qd4 Qb5 40. Kf2 Kg7 41. Ke3
Qf1 42. Qc5 Qg1+ 43. Kd3 Qxg3+ 44. Kc2 Qxf4 45. Qd6 Qf7 46. Kd3 Kh6 47. Qd8 Qf3+
48. Kc2 Qe4+ 49. Kb3 Qc4+ 50. Kb2 Qe2+ 51. Kb3 Qxe5 52. Qf8+ Qg7 53. Qf4+ Kh7
54. Qd6 g5 55. hxg5 1-0

[Event "Women's Speed Chess Q4"]
[Site "chess.com INT"]
[Date "2021.06.03"]
[Round "2"]
[White "Priyanka, K"]
[Black "Pourkashiyan, Atousa"]
[Result "0-1"]
[WhiteTitle "WIM"]
[BlackTitle "WGM"]
[WhiteElo "2218"]
[BlackElo "2322"]
[WhiteFideId "5082986"]
[BlackFideId "12502014"]
[EventDate "2021.06.03"]

1. e4 c5 2. Nf3 e6 3. d4 cxd4 4. Nxd4 a6 5. Bd3 Bc5 6. Nb3 Be7 7. O-O Nc6 8. Qe2
d6 9. c4 Nf6 10. Nc3 O-O 11. Be3 b6 12. f4 Bb7 13. Rae1 Rc8 14. h3 Qc7 15. Qf2
Nb4 16. Bb1 Nd7 17. a3 Nc6 18. Na4 b5 19. cxb5 axb5 20. Nc3 b4 21. axb4 Nxb4 22.
Rc1 Qb8 23. Rfd1 Bc6 24. Na5 Nc5 25. Nxc6 Nxc6 26. e5 Nb3 27. exd6 Bxd6 28. Qc2
g6 29. Rxd6 Nxc1 30. Rxc6 Rxc6 31. Qxc1 Rd8 32. Be4 Rcc8 33. Qc2 Qb4 34. Qf2
Rxc3 35. bxc3 Qxe4 36. Bd4 Ra8 37. Qh4 Qb1+ 38. Kh2 Qf5 39. Qh6 f6 40. Qh4 e5
41. fxe5 fxe5 42. Be3 Rf8 43. Qe7 Rf7 44. Qe8+ Kg7 45. Qd8 h6 46. Qh4 g5 47. Qg3
Qe4 48. Bf2 Qf4 49. Be3 Qxg3+ 50. Kxg3 Kf6 51. c4 Rc7 52. c5 Kf5 53. Kf3 e4+ 54.
Ke2 Ke5 55. g4 Kd5 56. Kd2 Rb7 57. Kc3 Rb1 58. Kd2 Rh1 0-1

[Event "Women's Speed Chess Q4"]
[Site "chess.com INT"]
[Date "2021.06.03"]
[Round "2"]
[White "Petrova, Irina"]
[Black "Zaichenko, Daria"]
[Result "1/2-1/2"]
[WhiteTitle "WIM"]
[BlackTitle "WFM"]
[WhiteElo "2110"]
[BlackElo "2104"]
[WhiteFideId "14124122"]
[BlackFideId "4197453"]
[EventDate "2021.06.03"]

1. e4 c5 2. Nf3 Nc6 3. Bb5 d6 4. Bxc6+ bxc6 5. O-O e5 6. c3 Bg4 7. h3 Bh5 8. d3
Be7 9. Nbd2 Nf6 10. Re1 O-O 11. Nf1 h6 12. Ng3 Bg6 13. Nh4 Bh7 14. Nhf5 Bxf5 15.
Nxf5 Nh7 16. Qg4 Bg5 17. h4 Nf6 18. Qf3 Bxc1 19. Raxc1 Kh7 20. g4 Nd7 21. Kg2 g6
22. Nxd6 Qxh4 23. Rh1 Qg5 24. Nxf7 Qf6 25. Qxf6 Nxf6 26. Nxh6 Kg7 27. Rh3 Rh8
28. Rch1 Rh7 29. Kf1 Rah8 30. g5 Ng4 31. Kg2 Nxh6 32. gxh6+ Rxh6 33. Rxh6 Rxh6
34. Rxh6 Kxh6 35. b4 cxb4 36. cxb4 Kg5 37. Kf3 Kh4 38. Ke3 Kg4 39. d4 exd4+ 40.
Kxd4 Kf4 41. f3 g5 42. Kc5 Kxf3 43. e5 g4 44. e6 g3 45. e7 g2 46. e8=Q g1=Q+ 47.
Kxc6 Qb6+ 48. Kd5 Qxb4 49. Qf7+ Qf4 50. Qxa7 Qe4+ 51. Kd6 Qf4+ 52. Kc6 Qe4+ 53.
Kb6 Qd4+ 54. Kb7 Qd7+ 55. Ka6 Qc6+ 56. Ka5 Qd5+ 57. Kb4 Qe4+ 58. Kb5 Qd5+ 59.
Ka6 Qc6+ 60. Qb6 Qa4+ 61. Kb7 Qxa2 62. Qf6+ Ke4 63. Qg6+ Ke5 64. Qg7+ Ke4 65.
Qg4+ Ke5 66. Qg7+ 1/2-1/2

[Event "Women's Speed Chess Q4"]
[Site "chess.com INT"]
[Date "2021.06.03"]
[Round "2"]
[White "Dong, Khanh Linh"]
[Black "Golubenko, Valentina"]
[Result "1-0"]
[WhiteTitle "WCM"]
[BlackTitle "WGM"]
[WhiteElo "1970"]
[BlackElo "2209"]
[WhiteFideId "12403040"]
[BlackFideId "4501993"]
[EventDate "2021.06.03"]

1. e4 e6 2. d4 d5 3. e5 c5 4. c3 Nc6 5. Nf3 Be7 6. Bd3 f5 7. exf6 Nxf6 8. O-O
O-O 9. Re1 cxd4 10. Nxd4 Nxd4 11. cxd4 Bd6 12. h3 Qc7 13. Nc3 a6 14. Bg5 Bf4 15.
Bxf6 Rxf6 16. Qh5 g6 17. Qg4 Qf7 18. Qe2 Bd7 19. g3 Bd6 20. Kg2 Re8 21. f4 b5
22. Rf1 b4 23. Nd1 a5 24. Ne3 Bc7 25. Ng4 Bb6 26. Nh6+ Kg7 27. Nxf7 Rxf7 28. Qe3
Rc8 29. Rac1 Re8 30. h4 h5 31. b3 Rf6 32. Rfd1 Rf7 33. Be2 Bd8 34. Qe5+ Bf6 35.
Qd6 Rd8 36. Rc7 Bb5 37. Qb6 Bxe2 38. Rxf7+ Kxf7 39. Rc1 Rd7 40. Re1 Bg4 41. Rc1
Bf5 42. Rc8 Be4+ 43. Kf2 Be7 44. Ke3 Rd6 45. Qb8 Rd7 46. Rh8 Kf6 47. Rf8+ Bxf8
48. Qxf8+ Rf7 49. Qd8+ Kg7 50. Qxa5 Rb7 51. Qd8 Rf7 52. Qd6 Bf5 53. Qxb4 Bg4 54.
a4 Rc7 55. Qd6 Rc2 56. Qe5+ Kf7 57. Kd3 Rb2 58. Kc3 Rb1 59. a5 Rc1+ 60. Kb4 Ra1
61. Qd6 Bd1 62. a6 Ra2 63. Qd7+ Kf6 64. a7 Be2 65. Qd8+ Kf5 66. a8=Q Rxa8 67.
Qxa8 Ke4 68. Qe8 Bg4 69. Qxg6+ Kxd4 70. Qg5 Ke3 71. Qe5+ Kf3 72. Kc5 Kxg3 73. b4
Kxh4 74. b5 Kg3 75. b6 h4 76. f5+ Kg2 77. fxe6 h3 78. e7 h2 79. Qxh2+ Kxh2 80.
e8=Q Bf3 81. b7 Be4 82. b8=Q+ 1-0